| 000 -LEADER |
| fixed length control field |
01845cam a2200457 a 4500 |
| 001 - CONTROL NUMBER |
| control field |
8682348 |
| 003 - CONTROL NUMBER IDENTIFIER |
| control field |
OSt |
| 005 - DATE AND TIME OF LATEST TRANSACTION |
| control field |
20211101111251.0 |
| 006 - FIXED-LENGTH DATA ELEMENTS--ADDITIONAL MATERIAL CHARACTERISTICS |
| fixed length control field |
m d |
| 007 - PHYSICAL DESCRIPTION FIXED FIELD--GENERAL INFORMATION |
| fixed length control field |
cr n |
| 008 - FIXED-LENGTH DATA ELEMENTS--GENERAL INFORMATION |
| fixed length control field |
090408s2010 fluab sb 001 0 eng d |
| 015 ## - NATIONAL BIBLIOGRAPHY NUMBER |
| National bibliography number |
GBA945129 |
| Source |
bnb |
| 016 7# - NATIONAL BIBLIOGRAPHIC AGENCY CONTROL NUMBER |
| Record control number |
015175510 |
| Source |
Uk |
| 020 ## - INTERNATIONAL STANDARD BOOK NUMBER |
| International Standard Book Number |
9781420075663 (hardcover : alk. paper) |
| 035 ## - SYSTEM CONTROL NUMBER |
| System control number |
(WaSeSS)ssj0000248281 |
| 038 ## - RECORD CONTENT LICENSOR |
| Staff Name |
khadija |
| 040 ## - CATALOGING SOURCE |
| Original cataloging agency |
DLC |
| Transcribing agency |
DLC |
| Modifying agency |
BTCTA |
| -- |
BAKER |
| -- |
YDXCP |
| -- |
UKM |
| -- |
C#P |
| -- |
OCLCA |
| -- |
BWX |
| -- |
CDX |
| -- |
DLC |
| -- |
WaSeSS |
| 050 #4 - LIBRARY OF CONGRESS CALL NUMBER |
| Classification number |
TJ810 |
| Item number |
.S4897 2010 |
| 082 00 - DEWEY DECIMAL CLASSIFICATION NUMBER |
| Classification number |
621.47 |
| Edition number |
22 |
| Author Mark |
FOS |
| 100 1# - MAIN ENTRY--PERSONAL NAME |
| Personal name |
Foster, Robert, |
| Dates associated with a name |
1962 April 25- |
| 9 (RLIN) |
83595 |
| 210 10 - ABBREVIATED TITLE |
| Abbreviated title |
Solar energy:Renewable Energy & Environment |
| 245 10 - TITLE STATEMENT |
| Title |
Solar energy: |
| Remainder of title |
renewable energy and the environment / |
| Statement of responsibility, etc. |
Robert Foster, Majid Ghassemi, Alma Cota. |
| 260 ## - PUBLICATION, DISTRIBUTION, ETC. |
| Place of publication, distribution, etc. |
Boca Raton : |
| Name of publisher, distributor, etc. |
CRC Press, |
| Date of publication, distribution, etc. |
c2010. |
| 490 1# - SERIES STATEMENT |
| Series statement |
Energy and the environment |
| 504 ## - BIBLIOGRAPHY, ETC. NOTE |
| Bibliography, etc. note |
Includes bibliographical references and index. |
| 506 ## - RESTRICTIONS ON ACCESS NOTE |
| Terms governing access |
License restrictions may limit access. |
| 563 ## - BINDING INFORMATION |
| Binding note |
Hardcover |
| 650 #0 - SUBJECT ADDED ENTRY--TOPICAL TERM |
| Topical term or geographic name entry element |
Solar energy. |
| 650 #0 - SUBJECT ADDED ENTRY--TOPICAL TERM |
| Topical term or geographic name entry element |
Renewable energy sources |
| General subdivision |
Environmental aspects. |
| 9 (RLIN) |
83596 |
| 700 1# - ADDED ENTRY--PERSONAL NAME |
| Personal name |
Ghassemi, Majid, |
| Dates associated with a name |
1960- |
| 9 (RLIN) |
83597 |
| 700 1# - ADDED ENTRY--PERSONAL NAME |
| Personal name |
Cota, Alma, |
| Dates associated with a name |
1972- |
| 9 (RLIN) |
83598 |
| 773 #0 - HOST ITEM ENTRY |
| Title |
ENGnetBASE |
| 773 #0 - HOST ITEM ENTRY |
| Title |
ELECTRICALENGINEERINGnetBASE |
| 773 #0 - HOST ITEM ENTRY |
| Title |
MECHANICALENGINEERINGnetBASE |
| 830 #0 - SERIES ADDED ENTRY--UNIFORM TITLE |
| Uniform title |
Energy and the environment (Boca Raton, Fla.) |
| 9 (RLIN) |
3448 |
| 856 40 - ELECTRONIC LOCATION AND ACCESS |
| Uniform Resource Identifier |
<a href="http://www.columbia.edu/cgi-bin/cul/resolve?clio8682348.001">http://www.columbia.edu/cgi-bin/cul/resolve?clio8682348.001</a> |
| Public note |
Full text available from ELECTRICALENGINEERINGnetBASE |
| 856 40 - ELECTRONIC LOCATION AND ACCESS |
| Uniform Resource Identifier |
<a href="http://www.columbia.edu/cgi-bin/cul/resolve?clio8682348.002">http://www.columbia.edu/cgi-bin/cul/resolve?clio8682348.002</a> |
| Public note |
Full text available from ENGnetBASE |
| 856 40 - ELECTRONIC LOCATION AND ACCESS |
| Uniform Resource Identifier |
<a href="http://www.columbia.edu/cgi-bin/cul/resolve?clio8682348.003">http://www.columbia.edu/cgi-bin/cul/resolve?clio8682348.003</a> |
| Public note |
Full text available from MECHANICALENGINEERINGnetBASE |
| 910 ## - USER-OPTION DATA (OCLC) |
| User-option data |
Library of Congress record |
| 942 ## - ADDED ENTRY ELEMENTS (KOHA) |
| Source of classification or shelving scheme |
|
| Koha item type |
Book |